000 00635nam a2200217Ia 4500
003 OSt
005 20240903101552.0
008 210323s9999||||xx |||||||||||||| ||und||
040 _cSTCPL
041 _aMAL
082 _a920.71
_bUDA-E
100 _aUdayabhanu, A. P.
_qഎ. പി. ഉദയഭാനു
245 0 _aEnte kathayillaymakal /
_cby A. P. Udayabhanu
_hഎന്‍റെ കഥയില്ലായ്മകള്‍
260 _aKottayam :
_bD C Books ,
_c1991 .
300 _a318 p.
_bPB
650 _aMalayalam literature
650 _aNon-Fiction
650 _aAutobiography
942 _cBK
942 _2ddc
999 _c36215
_d36214